000 00398nam a2200157Ia 4500
005 20250430055116.0
008 240331s9999 xx 000 0 und d
020 _a9559367439
082 _bRAS
_a891
100 _aRasnac,B
245 0 _aSoduriya ithin samuganimi
260 _aDivulapitiya
_bSaraswathi Publications
_c1999
300 _a214 p .,
500 _aA Study on Tobacco Abuse
942 _cL
999 _c5314
_d5314